| 000 | 00707nam a2200253 a 4500 | ||
|---|---|---|---|
| 001 | 53100 | ||
| 003 | BD-RjUL | ||
| 005 | 20211209075917.0 | ||
| 008 | 760421s1975 ii b 000 0 eng | ||
| 020 | _cRs18.00 ($4.00 U.S.) | ||
| 035 | _a(BD-RjUL) 53220 | ||
| 040 |
_aDLC _cDLC _dDLC _dBD-RjUL _beng |
||
| 041 | _aeng | ||
| 082 | 0 | 0 |
_a657.01 _223 _bSTU 1962 |
| 245 | 1 | 0 |
_aStudies in accounting theory / _cedited by K. Mukerji and G. D. Roy. |
| 260 |
_aLOndon : _bSweet & maxwell, _cc1962 |
||
| 300 |
_aix, 633 p. ; _c22 cm. |
||
| 500 | _aIncludes index | ||
| 650 | 0 |
_aAccounting. _9158710 |
|
| 700 | 1 |
_aMukerji, K. _9158711 |
|
| 700 | 1 |
_aRoy, G. D. _9158712 |
|
| 942 |
_2ddc _cBK |
||
| 999 |
_c53100 _d53100 |
||